| 000 | 01528nam a2200253Ia 4500 | ||
|---|---|---|---|
| 003 | Ost | ||
| 005 | 20260507075043.0 | ||
| 008 | 260507s9999||||xx |||||||||||||| ||und|| | ||
| 020 | _a9771704230 | ||
| 040 | _cfsecg | ||
| 041 | _aara | ||
| 082 | _a330 | ||
| 100 |
_aإبراهيم، محمد محمد علي _eمؤلف |
||
| 245 | 0 |
_aالجات : _bالآثار الاقتصادية لاتفاقية الجات / _c محمد محمد علي إبراهيم |
|
| 260 |
_aالاسكندرية: _bالدار الجامعية, _c2003 |
||
| 300 |
_a322 صفحة؛ _bإيضاحات ؛ _c24 سم |
||
| 504 | _aببلوغرافيا ص.297 | ||
| 520 | _aاتفاقيات تحرير التجارة الدولية في السلع والخدمات،الجات كإطار يحقق مصالح الدول المتقدمة،اتفاقيات تحرير التجارة الدولية في السلع،تحرير التجارة الدولية في الخدمات في إطار جولة أورجواي،الآثار المباشرة لاتفاقية الجات على قطاع النقل البحري،الآثار غيرالمباشرة لاتفاقية الجات على قطاع النقل البحري،برنامج مقترح للحد من الآثار السلبية لاتفاقية الجات على قطاع النقل البحري | ||
| 653 | _aالتجارة الخارجية | ||
| 653 | _aالجات | ||
| 653 | _aالعلاقات الاقتصادية الدولية | ||
| 653 | _aالنقل البحري | ||
| 942 | _cكتاب | ||
| 999 |
_c42538 _d42538 |
||